00754nam a2200193 i 450000100060000000300090000600500170001500700030003200800410003510000290007624501460010525000150025126000330026630000400029970000500033985200320038999900170042195201220043864891ES-MaACL20251001204325.0t|040107s1963 sp ||||1| spa d1 aForteza Bover, G.95186210aAtlas de citología sanguinea / cpor G. Forteza Bover ; con la colaboración de R. Báguena Candela ; prólogo de P. Farreras Valentí. a[1ª ed.]. aBarcelona : bToray, c1963. aXXII, 530 p., 169 lám. ; c28 cm.1 aFarreras Valentí, Pedro, d1916-1968948899 aES-MaACLjC-23590 bR.52554 c64891d64891 00104070aATENEOMbATENEOMcDEPO2d2008-01-17eSCl0oC-23590p1067994r2023-02-23 00:00:00w2023-02-23yMONOGRAFIA